Provincias de España - Estadísticas

Estadísticas generales
  • Esta prueba ha sido intentada 19 veces
  • La puntuación promedio es 26 de 45
Estadísticas de respuestas
Respuesta % Correcto
Lugo
82%
Barcelona
76%
Ourense
76%
Sevilla
76%
Tarragona
76%
Valencia
76%
Gerona
71%
Granada
71%
Huelva
71%
Málaga
71%
Murcia
71%
Pontevedra
71%
Almería
65%
Cantabria
65%
Castellón
65%
Álava
59%
Albacete
59%
Alicante
59%
Asturias
59%
Ciudad Real
59%
Jaén
59%
León
59%
Madrid
59%
Palencia
59%
Zamora
59%
Ávila
53%
Burgos
53%
Coruña
53%
Cuenca
53%
Guadalajara
53%
Lérida
53%
Navarra
53%
Salamanca
53%
Soria
53%
Valladolid
53%
Badajoz
47%
Cáceres
47%
Córdoba
47%
Segovia
47%
Toledo
47%
Vizcaya
41%
Las palmas
29%
Santa Cruz
29%
Gipuzkoa
24%
Logroño
18%
No se encontraron pruebas coincidentes
Distribución de puntuación
Porcentaje de gente con cada puntuación
Porcentaje por número respondido
Historial de tus puntuaciones
No has intentado esta prueba.